<?xml version="1.0" encoding="UTF-8"?>
<record
    xmlns:xsi="http://www.w3.org/2001/XMLSchema-instance"
    xsi:schemaLocation="http://www.loc.gov/MARC21/slim http://www.loc.gov/standards/marcxml/schema/MARC21slim.xsd"
    xmlns="http://www.loc.gov/MARC21/slim">

  <leader>03720nam a2200277   4500</leader>
  <controlfield tag="003">NALT</controlfield>
  <controlfield tag="005">20260304150034.0</controlfield>
  <controlfield tag="008">260227b        th ||||| |||| 00| 0 tha d</controlfield>
  <datafield tag="020" ind1=" " ind2=" ">
    <subfield code="a">9786165362320</subfield>
  </datafield>
  <datafield tag="040" ind1=" " ind2=" ">
    <subfield code="a">NALT</subfield>
  </datafield>
  <datafield tag="050" ind1=" " ind2=" ">
    <subfield code="a">BF 441</subfield>
    <subfield code="b">&#xE18;157&#xE0B; 2569</subfield>
  </datafield>
  <datafield tag="100" ind1="0" ind2=" ">
    <subfield code="a">&#xE18;&#xE19;&#xE28;&#xE31;&#xE01;&#xE14;&#xE34;&#xE4C; &#xE27;&#xE2B;&#xE32;&#xE27;&#xE34;&#xE28;&#xE32;&#xE25;.</subfield>
    <subfield code="9">67426</subfield>
  </datafield>
  <datafield tag="245" ind1="1" ind2="0">
    <subfield code="a">Samurai way &#xE04;&#xE34;&#xE14;&#xE41;&#xE1A;&#xE1A;&#xE19;&#xE31;&#xE01;&#xE23;&#xE1A; &#xE0A;&#xE19;&#xE30;&#xE17;&#xE38;&#xE01;&#xE2A;&#xE19;&#xE32;&#xE21; /</subfield>
    <subfield code="c">&#xE18;&#xE19;&#xE28;&#xE31;&#xE01;&#xE14;&#xE34;&#xE4C; &#xE27;&#xE2B;&#xE32;&#xE27;&#xE34;&#xE28;&#xE32;&#xE25;.</subfield>
  </datafield>
  <datafield tag="250" ind1=" " ind2=" ">
    <subfield code="a">&#xE1E;&#xE34;&#xE21;&#xE1E;&#xE4C;&#xE04;&#xE23;&#xE31;&#xE49;&#xE07;&#xE41;&#xE23;&#xE01;.</subfield>
  </datafield>
  <datafield tag="260" ind1=" " ind2=" ">
    <subfield code="a">&#xE01;&#xE23;&#xE38;&#xE07;&#xE40;&#xE17;&#xE1E;&#xE2F; :</subfield>
    <subfield code="b">&#xE1A;&#xE49;&#xE32;&#xE19;&#xE1E;&#xE23;&#xE30;&#xE2D;&#xE32;&#xE17;&#xE34;&#xE15;&#xE22;&#xE4C;,</subfield>
    <subfield code="c">2569.</subfield>
  </datafield>
  <datafield tag="300" ind1=" " ind2=" ">
    <subfield code="a">191 &#xE2B;&#xE19;&#xE49;&#xE32; ;</subfield>
    <subfield code="c">18 &#xE0B;&#xE21;.</subfield>
  </datafield>
  <datafield tag="505" ind1="2" ind2=" ">
    <subfield code="a">1 &#xE28;&#xE34;&#xE25;&#xE1B;&#xE30;&#xE02;&#xE2D;&#xE07;&#xE01;&#xE32;&#xE23; "&#xE23;&#xE2D;" &#xE41;&#xE1A;&#xE1A;&#xE0D;&#xE35;&#xE48;&#xE1B;&#xE38;&#xE48;&#xE19; -- 2 Shushin Koyo &#xE40;&#xE21;&#xE37;&#xE48;&#xE2D;&#xE1A;&#xE23;&#xE34;&#xE29;&#xE31;&#xE17; &#xE04;&#xE37;&#xE2D; &#xE1A;&#xE49;&#xE32;&#xE19;&#xE2B;&#xE25;&#xE31;&#xE07;&#xE17;&#xE35;&#xE48;&#xE2A;&#xE2D;&#xE07;&#xE02;&#xE2D;&#xE07;&#xE0A;&#xE35;&#xE27;&#xE34;&#xE15; -- 3 Taishoku Daiko &#xE1A;&#xE23;&#xE34;&#xE01;&#xE32;&#xE23;&#xE23;&#xE31;&#xE1A;&#xE08;&#xE49;&#xE32;&#xE07;&#xE25;&#xE32;&#xE2D;&#xE2D;&#xE01; &#xE27;&#xE31;&#xE12;&#xE19;&#xE18;&#xE23;&#xE23;&#xE21;&#xE01;&#xE32;&#xE23;&#xE17;&#xE33;&#xE07;&#xE32;&#xE19;&#xE02;&#xE2D;&#xE07;&#xE0D;&#xE35;&#xE48;&#xE1B;&#xE38;&#xE48;&#xE19;&#xE40;&#xE1B;&#xE25;&#xE35;&#xE48;&#xE22;&#xE19;&#xE44;&#xE1B; -- 4 &#xE19;&#xE32;&#xE2C;&#xE34;&#xE01;&#xE32;&#xE02;&#xE2D;&#xE07;&#xE0D;&#xE35;&#xE48;&#xE1B;&#xE38;&#xE48;&#xE19; &#xE40;&#xE14;&#xE34;&#xE19;&#xE14;&#xE49;&#xE27;&#xE22;&#xE2B;&#xE31;&#xE27;&#xE43;&#xE08;&#xE44;&#xE21;&#xE48;&#xE43;&#xE0A;&#xE48;&#xE41;&#xE04;&#xE48;&#xE40;&#xE27;&#xE25;&#xE32; -- 5 &#xE04;&#xE19;&#xE40;&#xE07;&#xE35;&#xE22;&#xE1A; &#xE17;&#xE35;&#xE48;&#xE2A;&#xE2D;&#xE19;&#xE1C;&#xE21;&#xE40;&#xE23;&#xE37;&#xE48;&#xE2D;&#xE07; &#xE04;&#xE27;&#xE32;&#xE21;&#xE0A;&#xE31;&#xE14;&#xE40;&#xE08;&#xE19; -- 6 &#xE44;&#xE21;&#xE48;&#xE21;&#xE35;&#xE07;&#xE32;&#xE19;&#xE40;&#xE25;&#xE47;&#xE01; &#xE43;&#xE19;&#xE2A;&#xE32;&#xE22;&#xE15;&#xE32;&#xE02;&#xE2D;&#xE07;&#xE04;&#xE19;&#xE0D;&#xE35;&#xE48;&#xE1B;&#xE38;&#xE48;&#xE19; -- 7 Ichigo Ichie &#xE42;&#xE2D;&#xE01;&#xE32;&#xE2A;&#xE1E;&#xE34;&#xE40;&#xE28;&#xE29;&#xE43;&#xE19;&#xE0A;&#xE35;&#xE27;&#xE34;&#xE15;&#xE17;&#xE35;&#xE48;&#xE21;&#xE35;&#xE40;&#xE1E;&#xE35;&#xE22;&#xE07;&#xE04;&#xE23;&#xE31;&#xE49;&#xE07;&#xE40;&#xE14;&#xE35;&#xE22;&#xE27; -- 8 &#xE40;&#xE14;&#xE47;&#xE01;&#xE0D;&#xE35;&#xE48;&#xE1B;&#xE38;&#xE48;&#xE19; &#xE17;&#xE35;&#xE48;&#xE25;&#xE49;&#xE32;&#xE07;&#xE16;&#xE49;&#xE27;&#xE22;&#xE40;&#xE2D;&#xE07; &#xE01;&#xE31;&#xE1A;&#xE1A;&#xE17;&#xE40;&#xE23;&#xE35;&#xE22;&#xE19;&#xE40;&#xE23;&#xE37;&#xE48;&#xE2D;&#xE07;&#xE04;&#xE27;&#xE32;&#xE21;&#xE23;&#xE31;&#xE1A;&#xE1C;&#xE34;&#xE14;&#xE0A;&#xE2D;&#xE1A; -- 9 &#xE1C;&#xE21;&#xE40;&#xE23;&#xE35;&#xE22;&#xE19;&#xE23;&#xE39;&#xE49;&#xE04;&#xE33;&#xE27;&#xE48;&#xE32; "&#xE40;&#xE04;&#xE32;&#xE23;&#xE1E;" &#xE08;&#xE32;&#xE01;&#xE04;&#xE19;&#xE17;&#xE35;&#xE48;&#xE40;&#xE04;&#xE22;&#xE04;&#xE34;&#xE14;&#xE27;&#xE48;&#xE32;&#xE44;&#xE21;&#xE48;&#xE0A;&#xE2D;&#xE1A;&#xE1C;&#xE21; -- 10 &#xE23;&#xE2D;&#xE22;&#xE23;&#xE49;&#xE32;&#xE27; &#xE17;&#xE35;&#xE48;&#xE07;&#xE14;&#xE07;&#xE32;&#xE21;&#xE01;&#xE27;&#xE48;&#xE32;&#xE02;&#xE2D;&#xE07;&#xE43;&#xE2B;&#xE21;&#xE48; -- 11 &#xE27;&#xE34;&#xE18;&#xE35;&#xE1A;&#xE39;&#xE0A;&#xE34;&#xE42;&#xE14; &#xE27;&#xE34;&#xE16;&#xE35;&#xE41;&#xE2B;&#xE48;&#xE07;&#xE19;&#xE31;&#xE01;&#xE23;&#xE1A; -- 12 &#xE01;&#xE32;&#xE23;&#xE1D;&#xE36;&#xE01;&#xE1D;&#xE19;&#xE27;&#xE34;&#xE19;&#xE31;&#xE22;&#xE43;&#xE19;&#xE15;&#xE19;&#xE40;&#xE2D;&#xE07; &#xE40;&#xE2A;&#xE49;&#xE19;&#xE17;&#xE32;&#xE07;&#xE2A;&#xE39;&#xE48;&#xE1E;&#xE25;&#xE31;&#xE07;&#xE20;&#xE32;&#xE22;&#xE43;&#xE19; -- 13 &#xE0A;&#xE35;&#xE27;&#xE34;&#xE15;&#xE41;&#xE25;&#xE30;&#xE04;&#xE27;&#xE32;&#xE21;&#xE04;&#xE34;&#xE14; &#xE17;&#xE35;&#xE48;&#xE40;&#xE15;&#xE47;&#xE21;&#xE44;&#xE1B;&#xE14;&#xE49;&#xE27;&#xE22;&#xE1E;&#xE25;&#xE31;&#xE07;&#xE41;&#xE2B;&#xE48;&#xE07;&#xE04;&#xE27;&#xE32;&#xE21;&#xE40;&#xE23;&#xE35;&#xE22;&#xE1A;&#xE07;&#xE48;&#xE32;&#xE22; -- 14 &#xE01;&#xE32;&#xE23;&#xE14;&#xE33;&#xE23;&#xE07;&#xE2D;&#xE22;&#xE39;&#xE48;&#xE01;&#xE31;&#xE1A;&#xE1B;&#xE31;&#xE08;&#xE08;&#xE38;&#xE1A;&#xE31;&#xE19; &#xE2A;&#xE15;&#xE34;&#xE41;&#xE25;&#xE30;&#xE08;&#xE34;&#xE15;&#xE27;&#xE48;&#xE32;&#xE07; -- 15 &#xE28;&#xE34;&#xE25;&#xE1B;&#xE30;&#xE41;&#xE2B;&#xE48;&#xE07;&#xE01;&#xE32;&#xE23;&#xE1B;&#xE23;&#xE31;&#xE1A;&#xE15;&#xE31;&#xE27; &#xE04;&#xE27;&#xE32;&#xE21;&#xE22;&#xE37;&#xE14;&#xE2B;&#xE22;&#xE38;&#xE48;&#xE19;&#xE43;&#xE19;&#xE04;&#xE27;&#xE32;&#xE21;&#xE04;&#xE34;&#xE14;&#xE41;&#xE25;&#xE30;&#xE01;&#xE32;&#xE23;&#xE01;&#xE23;&#xE30;&#xE17;&#xE33; -- 16 &#xE01;&#xE32;&#xE23;&#xE04;&#xE49;&#xE19;&#xE2B;&#xE32;&#xE2D;&#xE34;&#xE04;&#xE34;&#xE42;&#xE01; &#xE40;&#xE2B;&#xE15;&#xE38;&#xE1C;&#xE25;&#xE02;&#xE2D;&#xE07;&#xE01;&#xE32;&#xE23;&#xE21;&#xE35;&#xE0A;&#xE35;&#xE27;&#xE34;&#xE15;&#xE2D;&#xE22;&#xE39;&#xE48; --
17 &#xE27;&#xE34;&#xE16;&#xE35;&#xE0B;&#xE32;&#xE21;&#xE39;&#xE44;&#xE23; &#xE43;&#xE19;&#xE01;&#xE32;&#xE23;&#xE40;&#xE2D;&#xE32;&#xE0A;&#xE19;&#xE30;&#xE04;&#xE27;&#xE32;&#xE21;&#xE17;&#xE49;&#xE32;&#xE17;&#xE32;&#xE22; -- 18 &#xE04;&#xE27;&#xE32;&#xE21;&#xE08;&#xE07;&#xE23;&#xE31;&#xE01;&#xE20;&#xE31;&#xE01;&#xE14;&#xE35; &#xE41;&#xE25;&#xE30;&#xE23;&#xE31;&#xE1A;&#xE1C;&#xE34;&#xE14;&#xE0A;&#xE2D;&#xE1A;&#xE15;&#xE48;&#xE2D;&#xE2B;&#xE19;&#xE49;&#xE32;&#xE17;&#xE35;&#xE48;&#xE43;&#xE19;&#xE27;&#xE34;&#xE16;&#xE35;&#xE0B;&#xE32;&#xE21;&#xE39;&#xE44;&#xE23; -- 19 &#xE01;&#xE32;&#xE23;&#xE2A;&#xE23;&#xE49;&#xE32;&#xE07; &#xE01;&#xE32;&#xE23;&#xE1E;&#xE31;&#xE12;&#xE19;&#xE32;&#xE15;&#xE25;&#xE2D;&#xE14;&#xE0A;&#xE35;&#xE27;&#xE34;&#xE15; -- 20 &#xE28;&#xE34;&#xE25;&#xE1B;&#xE30;&#xE41;&#xE2B;&#xE48;&#xE07;&#xE01;&#xE32;&#xE23;&#xE1B;&#xE25;&#xE48;&#xE2D;&#xE22;&#xE27;&#xE32;&#xE07; &#xE04;&#xE27;&#xE32;&#xE21;&#xE44;&#xE21;&#xE48;&#xE22;&#xE36;&#xE14;&#xE15;&#xE34;&#xE14;&#xE2A;&#xE23;&#xE49;&#xE32;&#xE07;&#xE04;&#xE27;&#xE32;&#xE21;&#xE2A;&#xE07;&#xE1A;&#xE20;&#xE32;&#xE22;&#xE43;&#xE19; --
21 &#xE01;&#xE32;&#xE23;&#xE1C;&#xE2A;&#xE21;&#xE1C;&#xE2A;&#xE32;&#xE19;&#xE1B;&#xE23;&#xE31;&#xE0A;&#xE0D;&#xE32; &#xE02;&#xE2D;&#xE07;&#xE0B;&#xE32;&#xE21;&#xE39;&#xE44;&#xE23;&#xE40;&#xE02;&#xE49;&#xE32;&#xE01;&#xE31;&#xE1A;&#xE0A;&#xE35;&#xE27;&#xE34;&#xE15;&#xE2A;&#xE21;&#xE31;&#xE22;&#xE43;&#xE2B;&#xE21;&#xE48;.</subfield>
  </datafield>
  <datafield tag="650" ind1=" " ind2="4">
    <subfield code="a">&#xE04;&#xE27;&#xE32;&#xE21;&#xE04;&#xE34;&#xE14;&#xE41;&#xE25;&#xE30;&#xE01;&#xE32;&#xE23;&#xE04;&#xE34;&#xE14;</subfield>
    <subfield code="9">5844</subfield>
  </datafield>
  <datafield tag="650" ind1=" " ind2="4">
    <subfield code="a"> &#xE1B;&#xE23;&#xE31;&#xE0A;&#xE0D;&#xE32;&#xE0D;&#xE35;&#xE48;&#xE1B;&#xE38;&#xE48;&#xE19;  </subfield>
    <subfield code="9">31754</subfield>
  </datafield>
  <datafield tag="650" ind1=" " ind2="4">
    <subfield code="a">&#xE01;&#xE32;&#xE23;&#xE14;&#xE33;&#xE40;&#xE19;&#xE34;&#xE19;&#xE0A;&#xE35;&#xE27;&#xE34;&#xE15;</subfield>
    <subfield code="9">4418</subfield>
  </datafield>
  <datafield tag="942" ind1=" " ind2=" ">
    <subfield code="2">lcc</subfield>
    <subfield code="c">GB</subfield>
  </datafield>
  <datafield tag="996" ind1=" " ind2=" ">
    <subfield code="a">jidapa.t</subfield>
    <subfield code="b">ACQSTF</subfield>
    <subfield code="c">2026-02-27</subfield>
  </datafield>
  <datafield tag="996" ind1=" " ind2=" ">
    <subfield code="a">varee.k</subfield>
    <subfield code="b">LIBSTF</subfield>
    <subfield code="c">2026-03-02</subfield>
  </datafield>
  <datafield tag="996" ind1=" " ind2=" ">
    <subfield code="a">saiphon.d</subfield>
    <subfield code="b">CATSTF	</subfield>
    <subfield code="c">2026-03-04</subfield>
  </datafield>
  <datafield tag="999" ind1=" " ind2=" ">
    <subfield code="c">107818</subfield>
    <subfield code="d">107818</subfield>
  </datafield>
  <datafield tag="998" ind1=" " ind2=" ">
    <subfield code="j">104</subfield>
    <subfield code="k"> &#xE19;&#xE32;&#xE07;&#xE2A;&#xE32;&#xE27;&#xE2A;&#xE32;&#xE22;&#xE1D;&#xE19;  &#xE14;&#xE35;&#xE07;&#xE32;&#xE21;</subfield>
  </datafield>
  <datafield tag="952" ind1=" " ind2=" ">
    <subfield code="0">0</subfield>
    <subfield code="1">0</subfield>
    <subfield code="2">lcc</subfield>
    <subfield code="4">0</subfield>
    <subfield code="7">0</subfield>
    <subfield code="8">CGBL</subfield>
    <subfield code="a">NALT</subfield>
    <subfield code="b">NALT</subfield>
    <subfield code="c">GEN</subfield>
    <subfield code="d">2026-02-27</subfield>
    <subfield code="l">0</subfield>
    <subfield code="o">BF 441 &#xE18;157&#xE0B; 2569</subfield>
    <subfield code="p">3961216198</subfield>
    <subfield code="r">2026-02-27 00:00:00</subfield>
    <subfield code="t">&#xE09;.1</subfield>
    <subfield code="w">2026-02-27</subfield>
    <subfield code="y">GB</subfield>
  </datafield>
  <datafield tag="952" ind1=" " ind2=" ">
    <subfield code="0">0</subfield>
    <subfield code="1">0</subfield>
    <subfield code="2">lcc</subfield>
    <subfield code="4">0</subfield>
    <subfield code="7">0</subfield>
    <subfield code="8">CGBL</subfield>
    <subfield code="a">NALT</subfield>
    <subfield code="b">NALT</subfield>
    <subfield code="c">GEN</subfield>
    <subfield code="d">2026-02-27</subfield>
    <subfield code="l">0</subfield>
    <subfield code="o">BF 441 &#xE18;157&#xE0B; 2569</subfield>
    <subfield code="p">3961216199</subfield>
    <subfield code="r">2026-02-27 00:00:00</subfield>
    <subfield code="t">&#xE09;.2</subfield>
    <subfield code="w">2026-02-27</subfield>
    <subfield code="y">GB</subfield>
  </datafield>
</record>
